Órdenes militares de la Península Ibérica en un mapa - Estadísticas

Estadísticas generales
  • Esta prueba ha sido intentada 17 veces
  • La puntuación promedio es 4 de 8
Respuestas en el mapa
Las respuestas están codificadas por una escala verde-roja en el mapa de la prueba según el % correcto abajo.
 
Estadísticas de respuestas
Respuesta % Correcto
Orden de Santiago
77%
Orden de Santiago de la Espada
77%
Orden de Calatrava
69%
Orden de Alcántara
46%
Orden de San Juan
38%
Orden de Montesa
31%
Orden de Avís
23%
Orden de Cristo
23%
No se encontraron pruebas coincidentes
Distribución de puntuación
Porcentaje de gente con cada puntuación
Porcentaje por número respondido
Historial de tus puntuaciones
No has intentado esta prueba.